Kronika Zeme /

Gespeichert in:
Bibliographische Detailangaben
1. Verfasser: Paturi, Felix R.
Weitere Verfasser: Strauch, Friedrich, Herholz, Michael, Činčura, Juraj 1950-
Format: Buch
Sprache:Slowakisch
Veröffentlicht: Bratislava : Fortuna Print, 1995
Ausgabe:1. vyd.
ISBN:8071530883
Online-Zugang: Volltext
Tags: Tag hinzufügen
Keine Tags, Fügen Sie den ersten Tag hinzu!

MARC

LEADER 00000nam a2200000 4500
003 SK-BrCVT
005 20220621153525.0
008 960202s1995 xo e ||||||slo d
020 |a 8071530883 
035 |a CVTIDW0936335 
040 |b slo  |a CVTI SR 
041 0 |a slo 
044 |a xo 
080 |a 03(100)  |2 UDC-MRF 
100 1 |a Paturi, Felix R.  |9 27344 
245 1 0 |a Kronika Zeme /  |c Felix R. Paturi, Friedrich Strauch, Michael Herholz ; Z Nem. Orig. Prel. J. Činčura a kol. 
250 |a 1. vyd. 
260 |a Bratislava :  |b Fortuna Print,  |c 1995 
300 |a 576 s. :  |b fotogr., obr., tab. ; 
692 |a BA ML JM MM 
700 1 |a Strauch, Friedrich 
700 1 |a Herholz, Michael 
700 1 |a Činčura, Juraj  |d 1950-,  |9 21715 
910 |b A551706 
919 |a 80-7153-088-3 
974 |f Knihy 
992 |a AEN 
999 |c 103936  |d 103936